000 00844nam a2200205Ii 4500
003 JO-AjNU
008 230605s9999||||xx |||||||||||||| ||und||
017 _a2011/20279
040 _aJO-AjNU
_bara
_erda
_cJO-AjNU
041 _aara
050 1 4 _aKZ7139.L374.2012
100 3 _aلاشين، أشرف محمد ,
_eauthor
_944753
245 0 0 _a النظرية العامة للجريمة الدولية : دراسة تحليلية تأصيلية 
264 3 1 _aد،م : د،ن،2012
300 _a826ص
_bيشتمل على ببلوغرافية ص ( 765-812)
336 _atext
_btxt
_2rdacontent
337 _aunmediated
_bn
_2rdamedia
338 _avolume
_bnc
_2rdacarrier
650 4 _aالجرائم الدولية -- الجرائم الدولية -- قوانين وتشريعات -- القانون الدولي الجنائي
_944754
999 _aA19348
_c22916
_d22916